000 00870nmc a2200301 a 4500
003 AR-BaBNM
005 20251128205409.0
008 027119s1995 ||||||||||||||000 | spa||
020 _a84-7774-871-3
040 _cAR-BaBNM
100 1 _aHutchins, W. John
245 1 0 _aIntroducción a la traducción automática
260 _aMadrid
_bVisor
_c1995
300 0 _a480 p.
490 0 _aLingüística y conocimiento
_vv. 21
500 0 _aContiene referencias bibliográficas en p. 445
500 0 _aIndice alfabético en p. 459
650 4 _aTRADUCCION AUTOMATICA
650 4 _aLINGUISTICA
650 4 _aINVESTIGACION LINGUISTICA
650 4 _aGRAMATICA
700 1 _aSomers, Harold L.
700 1 _aAbaitua Odriozola, Joseba K.
_etraductor
700 1 _aKay, Martín
_edirector
800 1 _aPiera, Carlos
_edirector
942 _cBK
998 _cMARTIN
999 _c11263
_d11263